| 000 | 00718nam a22002057a 4500 | ||
|---|---|---|---|
| 005 | 20100816103629.0 | ||
| 010 | _aENG-100565 | ||
| 020 |
_a9788189937478 _c700.00 |
||
| 035 | _aEN-84098 | ||
| 037 | _bDBAD/PUB | ||
| 082 | _a302.1 | ||
| 100 |
_aReddy,B _913714 |
||
| 245 |
_aThe School and Society / _cby B Reddy |
||
| 260 |
_aNew Delhi _bArise Publishers _c2008 |
||
| 270 |
_a4648/1,21 Ansari Road Darya Ganj _bNew Delhi _e110002 |
||
| 300 |
_a272p _c21cm(Hb) |
||
| 500 | _aIncludes bibliographical references and index | ||
| 942 |
_2ddc _cEN _h302.1 _mRED |
||
| 999 |
_c42053 _d42053 |
||